000 00572nam a2200145Ia 4500
008 151213s9999 xx 000 0 und d
100 _aকিশওয়ার ইবনে দিলওয়ার।
245 _aছায়া শরীরীর গান।
_cকিশওয়ার ইবনে দিলওয়ার।
260 _aঢাকা
_bরাহান্ উদ্দিন।
300 _a8794 p.
650 _aBangla
650 _aকবিতা
700 _aকিশওয়ার ইবনে দিলওয়ার।
999 _c4579
_d4579